000 01277nam0a22003371 4500
001 RU\INFOCOMM_322\NLR\5000100620
005 20260406083455.0
035 _a(NLR Aleph) 011019356
090 _a11062254
_c11062254
100 _a20121211d1971 |||y0rusy50 ca
101 0 _aspa
102 _aRU
105 _ay z||||
200 1 _aPrecursores de la nueva sociedad
_eAnte el centenario de la Comuna de París
_fFiódor Konstantínov, Inna Krilova
210 _aM.
_cEd. de la Agencia de prensa "Nóvosti"
_d1971
215 _a133 с.
_d16 см
300 _aНа обл. авт. не указаны
300 _aВ вып. дан.: Ф. Константинов, И. Крылова. Предвестники нового общества
517 1 _aПредвестники нового общества
_zrus
601 0 2 _aПарижская Коммуна
_f1871
_2nlr_sh1
620 _aМосква
686 _aИ6-660
_2rubbk
700 1 _7ba
_8rus
_aKonstantinov
_bF. V.
_f1901-1991
_gFedor Vasil'evič
_3RU\NLR\AUTH\770278224
_92650191
701 1 _9z02790
_aKrylova
_bI.
_gInna
790 1 _9z02701
_aKrilova
_bI.
_gInna
_4070
801 1 _aRU
_bInfoComm
_c20121211
801 0 _aRU
_bNLR
_gPSBO
852 _aNLR
_jИ81 Д-1/4
942 _cBOOK
980 _aNB